Explicación histórica de las instituciones del emperador Justiniano (Registro nro. 171838)

Detalles MARC
000 -ENCABEZADO
Número de control [NR] 02069nam a2200277Ia 4500
005 - FECHA Y HORA DE LA ÚLTIMA TRANSACCIÓN
control field 20140903174916.0
008 - DE LONGITUD FIJA DE DATOS DE ELEMENTOS - INFORMACIÓN GENERAL
Elementos de longitud fija [NR] 130725b1879 sp ||||fr|||| 00| 0 lat d
040 ## - FUENTE DE CATALOGACION [NR]
Agencia de catalogación original [NR] Co-BoUCM
Idioma de catalogación [NR] spa
Quien Cataloga Sandra Yazo (modificó)
Quien Clasifica Sandra Yazo (modificó)
041 0# - CODIGO DE IDIOMA [R]
Código de idioma para texto/pista de sonido o título separado [R] Español
082 04 - NUMERO DE CLASIFICACION DECIMAL DEWEY [R]
Número de clasificación [R] 349.37
Número de la edición [NR] 20
092 ## - SIGNATURA TOPOGRAFICA LOCAL
Número de clasificación local E28N024
100 1# - ASIENTO PRINCIPAL--NOMBRE PERSONAL [NR]
Nombre personal [NR] Ortolan, Joseph-Louis-Elzeár
Fechas asociadas con el nombre [NR] 1802-1873
ID Autoridad 37099
245 10 - MENCION DE TITULO [NR]
Título [NR] Explicación histórica de las instituciones del emperador Justiniano
Parte restante del título [NR] con el texto, la traducción al frente y las explicaciones debajo de cada párrafo, precedida de la historia de la legislación romana desde su origen hasta la legislación moderna y de una generalización del derecho romano según los textos conocidos antiguamente o mas recientemente descubiertos
Mención de responsabilidad, etc. [NR] por M. Ortolan ; traducida por los magistrados D. Francisco Pérez de Anaya y D. Melquíades Perez Rivas
260 ## - PUBLICACION, DISTRIBUCION, ETC. (PIE DE IMPRENTA) [R]
Lugar de publicación, distribución, etc. [R] Madrid
Nombre del editor, distribuidor, etc. [R] Librería de D. Leocadio Lopez
Fecha de publicación, distribución, etc. [R] 1884
300 ## - DESCRIPCION FISICA [R]
Extensión [R] 530, 140 p.
Dimensiones [R] 23 x 15 cm.
500 ## - NOTA GENERAL [R]
Nota general [NR] Detalles físicos: Encuadernación rígida en cartón duro forrado en cuero. Lomo con tejuelo, letras y adornos en dorado. Tapas con restos de cinta pegante. Guardas impresas. Anteportada suelta, portada impresa en una tinta, rota y con varios sellos de tinta. Texto impreso en una columna y notas al margen. Incluye una segunda obra, con su propia numeración y una anteportada.
505 0# - NOTA DE CONTENIDO CON FORMATO PREESTABLECIDO [R]
Nota de contenido con formato preestablecido [NR] Historia de la legislación romana: Primera época, los reyes. ; Segunda época de la república. ; Tercera época los emperadores -- Generalización del derecho romano: Primera parte del derecho y de los elementos de su generación. ; Segunda parte de los derechos de las acciones.
506 ## - NOTA DE RESTRICCIONES DE ACCESO [R]
Condiciones de acceso [NR] Consulta en sala.
600 24 - ASIENTO SECUNDARIO DE MATERIA - NOMBRE PERSONAL [R]
Nombre personal [NR] Justiniano
Numeración [NR] I
Títulos y otras palabras asociadas con el nombre [R] Emperador de Oriente
Fechas asociadas con el nombre [NR] 482-565
Título de la obra [NR] Las instituciones
Subdivisión general [R] Crítica e interpretación, etc.
9 (RLIN) 2025
650 #7 - ASIENTO SECUNDARIO DE MATERIA - TERMINO TEMATICO [R]
Término temático o nombre geográfico como elemento de entrada [NR] Derecho civil
9 (RLIN) 12711
650 04 - ASIENTO SECUNDARIO DE MATERIA - TERMINO TEMATICO [R]
Término temático o nombre geográfico como elemento de entrada [NR] Derecho romano
Subdivisión general [R] Historia
9 (RLIN) 27933
690 ## - ASUNTO AGREGADO LOCAL DE ENTRADA - TÉRMINO TEMÁTICO (OCLC, RLIN)
Acceso temático local Derecho
700 1# - ASIENTO SECUNDARIO - NOMBRE PERSONAL [R]
Nombre personal [NR] Pérez de Anaya, Francisco
9 (RLIN) 37100
700 1# - ASIENTO SECUNDARIO - NOMBRE PERSONAL [R]
Nombre personal [NR] Pérez Rivas, Melquiades
9 (RLIN) 37101
942 ## - ELEMENTOS DE ENTRADA AGREGADOS (KOHA)
Tipo de ítem principal el descrito en 300a Libro
Edición 1
Tema principal 8
Sistema de clasificación DEWEY
Clasificación 349.37
Existencias
Suprimido Perdido Sistema de clasificación Dañado No prestable Tipo de ítem específico Ubicación habitual Ubicación actual Localización Fecha de creación Forma de adquisición Costo Total préstamos Signatura topográfica Código de barras Última vez visto Ejemplar Price effective from Tipo de ítem
    LOCAL     Libro archivo Archivo Histórico Archivo Histórico Archivo histórico 25/07/2013 Donación 0.00   E28N024 L003999 25/07/2013 Ej.1 25/07/2013 Libro